Szabadidős terek és tevékenységek Falu és város rendezvényszempontú összehasonlítása Halimba és Hatvan esettanulmányán keresztül

Bibliographic Details
Main Author: Jenei Viktória
Other Authors: Keszei Barbara
Format: Thesis
Kulcsszavak:falu
város
rendezvény
Online Access:http://dolgozattar.uni-bge.hu/21128

MARC

LEADER 00000nta a2200000 i 4500
001 dolg21128
005 20190904153127.0
008 190513suuuu hu om 000 hun d
040 |a BGE Dolgozattár Repozitórium  |b hun 
041 |a hu 
100 1 |a Jenei Viktória 
245 1 0 |a Szabadidős terek és tevékenységek  |b Falu és város rendezvényszempontú összehasonlítása Halimba és Hatvan esettanulmányán keresztül  |c Jenei Viktória  |h [elektronikus dokumentum] 
246 1 1 |a Szabadidős terek és tevékenységek: Falu és város rendezvényszempontú összehasonlítása Halimba és Hatvan esettanulmányán keresztül 
695 |a falu 
695 |a város 
695 |a rendezvény 
700 1 |a Keszei Barbara  |e ths 
856 4 0 |u http://dolgozattar.uni-bge.hu/21128/1/JeneiVikt%C3%B3ria_KBWJES_ANDR.pdf  |z Dokumentum-elérés